Arte de vida

Salvato in:
Dettagli Bibliografici
Autore principale: Barquero, Efraín (Autore)
Natura: Libro
Lingua:spagnolo
Pubblicazione: Santiago Valores Literarios 1971
Serie:Colección Valores Literarios
Soggetti:
Tags: Aggiungi Tag
Nessun Tag, puoi essere il primo ad aggiungerne!!

MARC

LEADER 00000nam a2200000 a 4500
001 UCX4768
003 CL-VaPUC
008 920729e19710000CL |||||||||||||||||spa|d
082 0 4 |a Ch861  |b BAR  |2 21 
100 0 |a Barquero, Efraín  |e author  |9 321049 
245 1 0 |a Arte de vida 
300 |a 108 p 
942 |c BK 
945 |d 19920729 00:00:00 
260 |a Santiago  |b Valores Literarios  |c 1971 
650 0 |a Poesías chilenas   |9 265280 
583 |a last modification  |c 19920729 00:00:00  |k Rodrigo Vera 
490 0 |a Colección Valores Literarios 
999 |c 225166  |d 225164 
952 |0 0  |1 0  |4 0  |6 CH_861_000000000000000_BAR_1971  |7 0  |8 A  |9 222463  |a BIBEDU  |b BIBEDU  |d 2019-11-15  |i 1447874  |o Ch861 BAR 1971  |p 1447874  |r 2019-11-15  |w 2019-11-15  |y BK  |k LIT